Noticia del bombardeo de Barcelona por Van-Halem desde los fuertes de la Ciudadela y de Montjuich, en noviembre y diciembre de 1842 / por Felío A. Vilarrubias
Publicado:
San Jorge, núm. 72 ( 4t trimestre 1968), pàg 20 - 29 :
MARC
| LEADER | 00000nam a2200000Ia 4500 | ||
|---|---|---|---|
| 001 | |||
| 008 | 160829s9999 xx 000 0 cat d | ||
| 100 | 1 | |a Vilarrubias Solanes, Felio A. |9 50554 | |
| 245 | |a Noticia del bombardeo de Barcelona por Van-Halem desde los fuertes de la Ciudadela y de Montjuich, en noviembre y diciembre de 1842 / por Felío A. Vilarrubias | ||
| 260 | |a San Jorge, núm. 72 ( 4t trimestre 1968), pàg 20 - 29 | ||
| 590 | |a Conté 14 fotografies | ||
| 650 | |a Barcelona |x Història |x 1833-1876, Guerres Carlines |9 40296 | ||
| 650 | |a Barcelona |x Història |x Bombardeig, 1842 |9 40297 | ||
| 901 | |a Arxiu | ||
| 942 | |n 1 | ||
| 952 | |0 0 |1 0 |4 0 |7 1 |9 49552 |a Arxiu |b Arxiu |d 2016-12-01 |l 0 |r 2016-12-01 00:00:00 |w 2016-12-01 |y ARXIU | ||
| 999 | |c 53394 |d 53394 | ||